000 00570nam a2200229Ia 4500
003 OSt
005 20221007115521.0
006 a|||||r|||| 00| 0
007 ta
008 221006b |||||||| |||| 00| 0 eng d
024 _a37,306
037 _cTextual
040 _aLCO
_cLCO
_beng
041 _2eng
_aeng
082 _aX8:Y:45, P9
100 _aTONRY (Michael)
_9615769
245 0 _aOxford Handbook of Crime and Public Policy
260 _c2009
300 _a640
942 _hX8:Y:45, P9
_cTEXL
999 _c1206869
_d1206869